Hereditárny angiodém: patogenéza, klinika, diagnóza, diferenciálna diagnóza a terapia, kazuistika troch rodín

Bibliographic Details
Main Authors: Hegyi, Eugen, 1917-2011 (Author), Hegyi, Vladimír, 1949- (Author)
Format: Article
Language:Slovak
PhysicalDescription:Res. angl., nem., rus., lit. 29 zázn. v angl., nem., slov.
Subjects:

MARC

LEADER 00000nab a2200000 a 4500
001 vtls000483329
003 SK-MaSNL
005 20260304082051.0
008 250424c1993 xo 0 slo
015 |a SNBRB19rr/mm-uuuuu 
035 |a CL0483464 
035 |a urn:nbn:sk:snk-ab6mk9 
035 |a (uuid)8555e12f-964c-457d-8457-30d43137a216 
035 |a (urnnbn)urn:nbn:sk:snk:ar-005hqy 
035 |a (sysno)vtls000483329 
040 |a SNKBUCL  |b slo  |c SNKBUCL  |e AACR2 
041 0 |a slo 
044 |a xo  |c SK 
080 |a 616.13-005.9-056:616-07  |2 1981 
080 |a 616-07  |2 1981 
100 1 |a Hegyi, Eugen,  |d 1917-2011  |4 aut  |9 86356 
245 1 0 |a Hereditárny angiodém: patogenéza, klinika, diagnóza, diferenciálna diagnóza a terapia, kazuistika troch rodín  |c E. Hegyi, V. Hegyi 
300 |b Res. angl., nem., rus., lit. 29 zázn. v angl., nem., slov. 
650 0 7 |a angioedém hereditárny  |2 snkbucl  |9 870012 
655 7 |a články z novín a časopisov  |2 snkbucl  |9 267496 
700 1 |a Hegyi, Vladimír,  |d 1949-  |4 aut  |9 5585 
773 0 |t Lekársky obzor  |g Roč. 42, č. 4 (1993), s. 153-159 
850 |a Slovenská národná knižnica 
852 |a Slovenská národná knižnica 
954 |a odborná, vedecká literatúra pôvodná (slovenská)  |2 lita 
958 |a article2022 
958 |a OND 
958 |a NB 
958 |a RK 
958 |a MI 
958 |a EUIPO 
992 |a RBX 
999 |c 2793721  |d 2795651